| 000 | 01710nam a2200337Ia 4500 | ||
|---|---|---|---|
| 003 | OSt | ||
| 005 | 20210909160525.0 | ||
| 008 | 130821s2005 xx gr spa | ||
| 020 | _a9583385999 | ||
| 040 |
_aCo-BoUCM _bspa _cCO-JMCR |
||
| 041 | 0 | 0 | _aspa |
| 082 | 1 | 4 |
_a346.0468 / _bC691t _223 |
| 110 | 2 |
_aColegio de Abogados de Minas Y Petróleo _940210 |
|
| 245 | 1 | 0 |
_aTemas mineros y petroleros 2005 _cColegio de Abogados de Minas y Petróleo ; Coordinadora Marlene Durán Camacho |
| 250 | _aSegunda edición | ||
| 260 |
_aColombia : _bColegio de Abogados de Minas y Petróleos, _c2005. |
||
| 300 |
_a719 páginas : _c24 cm. |
||
| 501 | _aCon: notas a pie de página. | ||
| 505 | 0 | _aHistoria de la legislación. -- Estructura administrativa. -- Regimen contractual. -- Comercialización. -- Regalías. -- Aspectos tributarios. -- Aspectos cambiarios. -- Soluciones de controversias. -- Aspectos penales. | |
| 650 | 1 | 4 |
_aArbitramento internacional _vEnsayos, conferencias, etc. _99307 |
| 650 | 2 | 4 |
_aCambio exterior _xLegislación _zColombia _vEnsayos, conferencias, etc. _910354 |
| 650 | 2 | 4 |
_aDerecho minero _912796 |
| 650 | 2 | 4 |
_aDerecho minero _xLegislación _zColombia _vEnsayos, conferencias, etc. _912796 |
| 650 | 2 | 4 |
_aDesarrollo sostenible _zColombia _vEnsayos, conferencias, etc. _912992 |
| 650 | 2 | 4 |
_aMinas _xAspectos ambientales _zColombia _vEnsayos, conferencias, etc. _919560 |
| 650 | 2 | 4 |
_aMinas _xPolítica gubernamental _zColombia _vEnsayos, conferencias, etc. _919560 |
| 650 | 2 | 4 |
_aMinas _xTributación _zColombia _vEnsayos, conferencias, etc. _919560 |
| 700 | 1 |
_aDurán Camacho, Marlene, _eCoordinador _940211 |
|
| 710 | 1 |
_aColegio de Abogados de Minas y Petróleos _eautor _940212 |
|
| 942 |
_cBK _2ddc |
||
| 999 |
_c12408 _d12408 |
||